000 02291nam0a2200385 4500
001 RU\NLR\bibl\1210083
005 20260407093330.0
010 _a978-5-88998-794-9
_9100
021 _aRU
_b2008-10313
_9570
035 _a(NLR Aleph) 001196511
090 _a1750299
_c1750299
100 _a20080404d2007 |||y0rusy50 ca
101 0 _arus
102 _aRU
105 _aa |||||||||
200 1 _aТехнологии корпоративной подготовки конкурентоспособных специалистов в системе непрерывного образования
_f[Шукшунов В.Е., Ткачев А.Н., Любова Т.В., Овчинников П.В.]
_gМ-во образования и науки Рос. Федерации, Федер. агентство по образованию, Юж.-Рос. гос. техн. ун-т (Новочеркас. политехн. ин-т)
210 _aНовочеркасск
_cЮжно-Российский государственный технический университет
_d2007
215 _a263 с.
_cил.
_d21
225 1 _aКорпоративная подготовка специалистов
300 _aАвт. указаны на обороте тит.л.
320 _aБиблиогр.: с. 219-220 (29 назв.)
606 1 _aВысшее гуманитарное образование
_xКомпетентностный подход
_92481096
_3RU\NLR\auth\661472847
686 _aЧ48
701 1 _aШукшунов
_bВ. Е.
_gВалентин Ефимович
_4070
701 1 _4070
_8rus
_7ca
_aТкачев
_bА. Н.
_cд-р техн. наук, электротехника
_gАлександр Николаевич
_3RU\NLR\auth\7766704
_949632
701 1 _aЛобова
_bТ. В.
_gТатьяна Владимировна
_4070
701 1 _aОвчинников
_bП. В.
_gПетр Вячеславович
_4070
712 0 2 _4570
_aЮжно-Российский государственный технический университет
_cНовочеркасск
_3RU\NLR\AUTH\8824498
_9323762
801 0 _aRU
_bNLR
_c20080404
_gRCR
801 1 _aRU
_bNLR
_c20080404
830 _aАвт. по кн.
942 _cBOOK
980 _aNB
980 _aNBR